Harry Potter Click Quiz - Statistics

General Stats
  • This quiz has been taken 59 times
  • The average score is 22 of 67
Answer Stats
Hint Answer % Correct
The main character Harry Potter
95%
His cousin Dudley Dursley
82%
Her husband James Potter
64%
Her sister Lily Potter
59%
His mother Petunia Dursley
59%
His first name Albus
55%
which he thought could prevent him from... Death
55%
His followers were called... Death Eaters
55%
who had 7... Horcruxes
55%
Wormtail's name was... Peter Pettigrew
50%
Which house did they mostly come from? Slytherin
50%
Who died during this event Cedric Diggory
45%
His wand was called the... Elder Wand
45%
The Villain Lord Voldemort
45%
so that he could protect... Lupin
45%
Who could turn into a... Stag
45%
who was a... Werewolf
45%
Her parent's occupation were... Dentists
41%
Hogwarts Headmaster Dumbledore
41%
The main character's 2nd best friend Hermione Granger
41%
The main character's best friend Ronald Weasley
41%
Who was he dating? Cho Chang
36%
What does DADA stand for? Defense Against the Dark Arts
36%
What could he turn into a... Dog
36%
But Wormtail was in... Gryffindor
36%
What was his house? Hufflepuff
36%
What was his nickname? Padfoot
36%
Who teaches at... Beauxbatons
32%
What is a person with no magic called? Muggle
32%
He died in which book? Order of the Phoenix
32%
What house was she in? Ravenclaw
32%
Who "killed" him? Sirius Black
32%
What did the main character get entered into in the Goblet of Fire The Tri-Wizard Tournament
32%
What is the Villain's first name? Tom
32%
How many people share this name in the series 3
27%
Which creature can suck out your soul? Dementors
27%
Who is the last Tri-Wizard champion to go there? Fleur DeLacour
27%
Who lives in... France
27%
How was he related to the main character Godfather
27%
He falls in love with... Madam Olympe Maxime
27%
With which part of their body? Mouth
27%
Which can be traced back to the... Peveralls
27%
Where did he end up after the 2nd book St. Mungo's
27%
Who gets one? Barty Crouch Jr.
23%
While the other (Who died) was called... Fred
23%
What is his occupation? Gamekeeper
23%
Which DADA teacher was in this house Gilderoy Lockhart
23%
Instead of doctors, this place has... Healers
23%
Which DADA teacher died on the job? Quirinus Quirrel
23%
Who is Harry's first friend? Rubeus Hagrid
23%
How many players are on each team? 7
18%
What is the occupation of the only one who survives? Barman
18%
Who killed... Barty Crouch Sr.
18%
The main character's girlfriend Ginny Weasley
18%
Who was a famous player for the Wasps? Ludovic Bagman
18%
Who was training... Percy Weasley
18%
The sport they played Quidditch
18%
Who protects the other players from Bludgers? The Beaters
18%
Who scores with the Quaffle? The Chasers
18%
Which player protects the goal? The Keeper
18%
Where does he work? The Leaky Cauldron
18%
Where does he work now? The Ministry of Magic
18%
Which one catches the Snitch? The Seeker
18%
Whom he (The person 2 above this) called Wetherby
18%
They founded... Weasley's Wizard Wheezes
14%
His twin brother that survived was named... George
9%
Where the main character got Instant Darkness Powder
9%
No matching quizzes found
Score Distribution
Percent of People with Each Score
Percentile by Number Answered
Your Score History
You have not taken this quiz